| 000 | 00960cam a22002773a 4500 | ||
|---|---|---|---|
| 001 | 18072 | ||
| 003 | PGUSA | ||
| 005 | 20140828083402.0 | ||
| 008 | 060329s2006||||xxu|||||s|||||000 | eng d | ||
| 040 |
_aPGUSA _beng |
||
| 042 | _adc | ||
| 050 | 4 | _aQL | |
| 100 | 1 |
_aLong, William J. _q(William Joseph), _d1867-1952 |
|
| 245 | 1 | 0 |
_aDierenleven in de wildernis : _bSchetsen uit het leven der dieren hun natuurlijke aanleg en wat zij leeren moeten _h[electronic resource] / _cWilliam J. Long |
| 260 |
_bProject Gutenberg, _c2006 |
||
| 500 | _aTranslation of: School of the woods; some life studies of animal instincts and animal training | ||
| 506 | _aPublic domain in the USA. | ||
| 516 | _aElectronic text | ||
| 653 | _aAnimal behavior | ||
| 653 | _aAnimals -- Anecdotes | ||
| 700 | 1 | _aStoffel, Cilia | |
| 700 | 1 |
_aCopeland, Charles, _d1858-1929 |
|
| 830 | 0 |
_aProject Gutenberg _v18072 |
|
| 856 | 4 | 0 | _uhttp://www.gutenberg.org/ebooks/18072 |
| 942 | _cEB | ||
| 999 |
_c247327 _d247327 |
||